00494nam a2200193 a 4500001001300000003000900013005001700022008004100039020001000080082001500090100001800105245003600123260004700159300000900206500003500215505001000250650002200260700001800282nice12345678IN_TiNIC20260116013448.0050524s1977 teha grp 000 0 eng  ac10000a840.4bCOR aCorbin, Henry aMelanges Offerts a Henry Corbin aTehranbInstitute of Islamic Studiesc1977 a702p aincludes index and biblioraphy2 aIndex aFrench-Literature1 aCorbin, Henry